000 00301nam a22001337a 4500
008 171101b xxu||||| |||| 00| 0 eng d
020 _a9780137886210
041 _aeng
080 _25TH
_a33
100 _a59
101 _aBUS
245 _aBUSINESS COMMUNICATION TODAY
_cBOVEE,C.L
942 _2udc
_cBK
999 _c37014
_d37014